00434nam a2200181Ia 4500003000900000008004100009040001300050040001300063041000800076100002700084245002700111250001200138260001600150260000900166300001100175300001100186490005500197IT-RoPAU120407s9999 xx 000 0 und d aIT-RoPAU cIT-RoPAU aita aEdward Russell Stabler aIl pensiero matematico aTorino  aBiringhieri c1970 a348 p. c19 cm aUniversale scientifica 49/50